00860pam a2200277 a 450000100060000000300080000600500170001400800410003102000210007202000220009303500190011504000370013404100080017106000170017908200290019624500920022526000480031730000270036550400410039265000320043365000280046565000330049365000100052665000270053670000190056312728BD-RjUL20211208235340.0140129s1987 flua b 001 0 eng c a0849364531 (set) a0849364590 (v. 1) a(BD-RjUL)12778 aDNLM/DLCcDLCdDLCdBD-RjULbeng aeng aWB 469 T411500a599.019162219bTHE 198700aThermotolerance /ceditor, Kurt J. Henle.nVolume I :pThermotolerance and thermophily. aBoca Raton, Floridaa. :bCRC Press,cc1987. a2 v. :bill. ;c26 cm. aIncludes bibliographies and indexes. 0aHeatxPhysiological effect. 0aAdaptation (Physiology) 2aBody Temperature Regulation. 2aHeat. 2aHyperthermia, Induced.1 aHenle, Kurt J.